000 00919nam a2200277 4500
003 OSt
005 20260530113852.0
008 260507b1995 sp a|||| |||| 00| 0 spa d
020 _a8449301335
040 _aICI
_bspa
_cICI
041 _aspa
050 _aT325
_bS4518
100 1 _aSemprini, Andrea,
_eautor
_931293
245 1 0 _aEl marketing de la marca :
_buna aproximacion semiotica /
_cAndrea Semprini ; traducción de Teresa Goñi
264 1 _aBarcelona :
_bPaidos,
_c1995
300 _a233 páginas.
_bilustraciones
336 _atexto
_2rdacontent
337 _asin medio
_2rdamedia
338 _avolumen
_2rdacarrier
490 0 _aPaidos empresa ;
_v38
500 _aTraducción de: Le marketing de la marque. Approche semiotique
650 4 _aMarcas registradas
_xMercadotecnia
_931294
650 4 _aLogotipos
_xMercadotecnia
_931295
700 1 _aGoñi, Teresa,
_etraductor
_931296
942 _2lcc
_cBK
_n1
999 _c11475
_d11475